000 00300nam a22001217a 4500
008 220102b |||||||| |||| 00| 0 eng d
082 _a800
_bCHE
_222
100 1 _aChelliah, J. V.
245 1 0 _athe story of the MacLeod Hospitall
260 _aTellippalai :
_bs.n.,
_c1939.
300 _a111 p. :
942 _cEB
999 _c1
_d1